[Event "Ä15Â "]
[Site "Loo"]
[Date "2017.04.20"]
[Round "1.22"]
[White "Ãèðøãîðí, Ìàðèÿ."]
[Black "Ñóðêîâà, Ñîôüÿ."]
[Result "1-0"]
[WhiteElo "1813"]
[BlackElo "1618"]
[PlyCount "49"]
[EventDate "2017.04.20"]

1. d4 Nf6 2. c4 c5 3. Nc3 e6 4. Nf3 Na6 5. g3 Nc7 6. Bg2 d5 7. O-O Bd6 8. Bg5
cxd4 9. Nxd4 dxc4 10. Bxf6 gxf6 11. Qa4+ Ke7 12. Qxc4 e5 13. Ndb5 Nxb5 14. Qxb5
Rb8 15. Rfd1 Bd7 16. Qc4 Be6 17. Qh4 Bd7 18. Nd5+ Ke6 19. Bh3+ f5 20. Qh5 Bc5
21. Qxf5+ Kd6 22. Nf6+ Bd4 23. Nxd7 Kc6 24. Rxd4 exd4 25. Qc5# 1-0

[Event "Ä15Â "]
[Site "Loo"]
[Date "2017.04.20"]
[Round "1.23"]
[White "Öâåòêîâà, Âëàäèñëàâà."]
[Black "Ñîñíèíà, Åêàòåðèíà."]
[Result "1-0"]
[WhiteElo "1615"]
[BlackElo "1812"]
[PlyCount "79"]
[EventDate "2017.04.20"]

1. e4 d5 2. exd5 Nf6 3. d4 Bg4 4. Nf3 Qxd5 5. Be2 Nc6 6. c4 Qa5+ 7. Bd2 Qf5 8.
O-O e6 9. h3 Bxf3 10. Bxf3 Nxd4 11. Bxb7 Rb8 12. Bc3 Rxb7 13. Bxd4 Bd6 14. Qa4+
Nd7 15. Qc6 Rb4 16. Bxa7 Qe5 17. Rd1 Rxb2 18. g3 Qe2 19. Nc3 Qc2 20. Nb5 O-O
21. Nxd6 Ne5 22. Qxc7 Rxa2 23. Rxa2 Qxd1+ 24. Kg2 Qb3 25. Ra4 Qf3+ 26. Kh2 Nd3
27. Ra3 Qe2 28. Qb6 Ne1 29. Qe3 Qf1 30. Qe4 Kh8 31. Qh1 Qe2 32. Qe4 Qf1 33. Bd4
f5 34. Qb7 e5 35. Nf7+ Kg8 36. Nxe5 Nc2 37. Qd5+ Kh8 38. Nf7+ Kg8 39. Nh6+ Kh8
40. Qg8+ 1-0

[Event "Ä15Â "]
[Site "Loo"]
[Date "2017.04.20"]
[Round "1.24"]
[White "Ðûáàêîâà, Àíàñòàñèÿ."]
[Black "Ñòàðîñòèíà, Àëåêñàíäðà."]
[Result "1-0"]
[WhiteElo "1812"]
[BlackElo "1603"]
[PlyCount "101"]
[EventDate "2017.04.20"]

1. d4 d5 2. c4 e6 3. Nc3 Nf6 4. Bg5 Be7 5. e3 c6 6. Nf3 Nbd7 7. Qc2 h6 8. Bh4
O-O 9. cxd5 exd5 10. Bd3 Re8 11. O-O b6 12. Rae1 Bb4 13. a3 Bxc3 14. Qxc3 c5
15. Ne5 Qc7 16. Nxd7 Nxd7 17. Rc1 c4 18. Bb1 b5 19. f3 Bb7 20. Rce1 Qb6 21. e4
a5 22. Bf2 b4 23. axb4 axb4 24. Qc2 Qg6 25. Re3 Nb6 26. Rfe1 dxe4 27. fxe4 f5
28. Rg3 Qf7 29. exf5 Rxe1+ 30. Bxe1 Re8 31. Bf2 Be4 32. Qc1 Kh8 33. h3 Qxf5 34.
Rf3 Qd5 35. Bxe4 Qxe4 36. Re3 Qa8 37. Rxe8+ Qxe8 38. d5 Nxd5 39. Qxc4 Qd7 40.
Bd4 Qb7 41. Qc5 Kh7 42. Qf8 b3 43. Qf5+ Kg8 44. Qe6+ Kh7 45. h4 Kh8 46. Qxh6+
Kg8 47. Qe6+ Kh8 48. h5 Kh7 49. Qg6+ Kh8 50. h6 Qe7 51. Bxg7+ 1-0

[Event "Ä15Â "]
[Site "Loo"]
[Date "2017.04.20"]
[Round "1.25"]
[White "Êîíîâà, Ïîëèíà."]
[Black "Ïèêàëîâà, Ñîôüÿ."]
[Result "1/2-1/2"]
[WhiteElo "1592"]
[BlackElo "1800"]
[PlyCount "145"]
[EventDate "2017.04.20"]

1. e4 c5 2. c3 Nf6 3. e5 Nd5 4. d4 cxd4 5. cxd4 Nc6 6. Bc4 Nb6 7. Bb3 d5 8. Nf3
Bg4 9. Be3 e6 10. Nc3 Bb4 11. O-O O-O 12. h3 Bh5 13. Rc1 a6 14. Bc2 Nc4 15. b3
Nxe3 16. fxe3 Bxc3 17. Bxh7+ Kxh7 18. Rxc3 Kg8 19. Rc2 Ne7 20. Qe1 Bg6 21. Rd2
Rc8 22. Kh2 Rc3 23. g4 Qc7 24. Ng5 Rc8 25. Qh4 Rc2 26. Rdf2 Qd7 27. Kg1 Rxf2
28. Rxf2 Rc1+ 29. Kh2 Rc2 30. Rxc2 Bxc2 31. Qf2 Bg6 32. h4 Qc7 33. Kg3 Nc6 34.
h5 Bd3 35. Qd2 Bh7 36. Qc1 Qe7 37. Nf3 Be4 38. Ng1 Qg5 39. Nh3 Qh6 40. Nf4 Qg5
41. Qd2 f5 42. Qe2 Qxg4+ 43. Qxg4 fxg4 44. Nxe6 Bf3 45. a3 Kf7 46. Nc5 Nd8 47.
b4 Ke7 48. Nd3 Ne6 49. Kh4 b6 50. Nf2 Nd8 51. Nxg4 Bxg4 52. Kxg4 Ne6 53. Kf5
Kf7 54. a4 b5 55. a5 Ke7 56. Kg6 Kf8 57. Kf5 Kf7 58. Kg4 g6 59. hxg6+ Kxg6 60.
e4 Nxd4 61. exd5 Nc2 62. Kf4 Nxb4 63. Ke4 Kf7 64. Kd4 Ke7 65. Kc5 Nd3+ 66. Kd4
Nf4 67. Kc5 b4 68. d6+ Kd7 69. Kxb4 Nd3+ 70. Kc4 Nxe5+ 71. Kd5 Nc6 72. Kc5 Nb8
73. Kd5 1/2-1/2

[Event "Ä15Â "]
[Site "Loo"]
[Date "2017.04.20"]
[Round "1.26"]
[White "Óñêîâà, Òàèñèÿ."]
[Black "Êîêóåâà, Àëèñà."]
[Result "1-0"]
[WhiteElo "1798"]
[BlackElo "1552"]
[PlyCount "45"]
[EventDate "2017.04.20"]

1. e4 e5 2. Nf3 Nc6 3. Bb5 a6 4. Ba4 Nge7 5. O-O g6 6. d3 Bg7 7. c3 O-O 8. Re1
b5 9. Bb3 d5 10. exd5 Nxd5 11. h3 Re8 12. Ng5 Nce7 13. Qf3 Rf8 14. c4 bxc4 15.
dxc4 Nb6 16. Rd1 Qe8 17. c5 e4 18. Nxe4 Na4 19. Nf6+ Bxf6 20. Qxf6 Nf5 21. g4
Bb7 22. Bxa4 Qxa4 23. Nc3 1-0

[Event "Ä15Â "]
[Site "Loo"]
[Date "2017.04.20"]
[Round "1.27"]
[White "Ùåäðîâà, Òàòüÿíà."]
[Black "Ïîäãîðíîâà, Àííà."]
[Result "1-0"]
[WhiteElo "1547"]
[BlackElo "1769"]
[PlyCount "85"]
[EventDate "2017.04.20"]

1. e4 c5 2. d4 cxd4 3. c3 dxc3 4. Nxc3 Nc6 5. Nf3 e6 6. Bc4 a6 7. O-O b5 8. Bb3
Bb7 9. Qe2 Nge7 10. Rd1 Ng6 11. a3 Bc5 12. Be3 Bxe3 13. Qxe3 O-O 14. Rd6 Qe7
15. Rad1 Rfd8 16. Qb6 Rab8 17. Qc7 Nge5 18. Nxe5 Nxe5 19. Rb6 Nc6 20. Rxb7 Rxb7
21. Qxb7 Na5 22. Qxa6 Nxb3 23. Qxb5 Nc5 24. b4 Nb3 25. Qa4 Nc5 26. bxc5 Qxc5
27. Qb4 Qe5 28. g3 h6 29. a4 Rb8 30. Qd6 Qxd6 31. Rxd6 Rb3 32. Ne2 Ra3 33. Rd4
Kf8 34. Rb4 Ke7 35. Nd4 d5 36. exd5 exd5 37. Nb5 Ra1+ 38. Kg2 Ke6 39. Rd4 Rc1
40. Rd3 Rc4 41. Ra3 Ke5 42. a5 Rc5 43. a6 1-0

[Event "Ä15Â "]
[Site "Loo"]
[Date "2017.04.20"]
[Round "1.28"]
[White "Äàâûäîâà, Êèðà."]
[Black "Ñû÷, Àëèíà."]
[Result "1-0"]
[WhiteElo "1769"]
[BlackElo "1478"]
[PlyCount "65"]
[EventDate "2017.04.20"]

1. d4 d5 2. c4 e6 3. Nf3 Nf6 4. g3 Be7 5. Bg2 O-O 6. O-O dxc4 7. Qc2 a6 8. a4
c5 9. dxc5 Bxc5 10. Qxc4 Qd5 11. Qc2 Ba7 12. Nc3 Qd8 13. Rd1 Qe7 14. Bf4 Bc5
15. Ne4 Nxe4 16. Qxe4 Nc6 17. Rac1 Rd8 18. Rxd8+ Nxd8 19. Ng5 f5 20. Qc4 Bb6
21. Qb3 Ba5 22. Qd3 h6 23. Nh3 Bd7 24. b4 Bxb4 25. Rc7 Bb5 26. axb5 Qf6 27.
bxa6 Rxa6 28. Rc8 Ra1+ 29. Bf1 Ba5 30. Qb5 e5 31. Bxe5 Rxf1+ 32. Kxf1 Qe6 33.
Qc4 1-0

[Event "Ä15Â "]
[Site "Loo"]
[Date "2017.04.20"]
[Round "1.29"]
[White "Êîêàåâà, Àíàñòàñèÿ."]
[Black "Ôèëèïïîâà, Ìàðãàðèòà."]
[Result "0-1"]
[WhiteElo "1424"]
[BlackElo "1767"]
[PlyCount "102"]
[EventDate "2017.04.20"]

1. d4 Nf6 2. c4 e6 3. Nc3 Bb4 4. e3 O-O 5. Bd3 c5 6. dxc5 Na6 7. Nge2 Nxc5 8.
Bc2 d5 9. cxd5 Nxd5 10. Bd2 Bxc3 11. Bxc3 Qg5 12. O-O Rd8 13. Qd4 Nxc3 14. Qxc3
b6 15. Rfd1 Bb7 16. Ng3 h5 17. b4 Na6 18. Be4 Bxe4 19. Nxe4 Qe7 20. a3 Rac8 21.
Qe5 f5 22. Nc3 Nb8 23. Rac1 Nc6 24. Qb5 Nb8 25. Qe5 Nd7 26. Qd6 Qxd6 27. Rxd6
Ne5 28. Rxd8+ Rxd8 29. h3 Kf7 30. Nb5 Rd7 31. Nd4 Kf6 32. f4 Nf7 33. Rc6 Rd6
34. Kf2 a6 35. a4 b5 36. Rxd6 Nxd6 37. a5 Ne4+ 38. Ke2 Nc3+ 39. Kd2 Nd5 40. Nc2
e5 41. g3 g5 42. fxe5+ Kxe5 43. Kd3 h4 44. gxh4 gxh4 45. Ke2 Ke4 46. Kd2 f4 47.
exf4 Nxf4 48. Ne3 Nxh3 49. Ng2 Nf4 50. Nxh4 Nd5 51. Ng6 Nxb4 {
äàëåå çàïèñü íåðàçáîð~~èâà} 0-1

[Event "Ä15Â "]
[Site "Loo"]
[Date "2017.04.20"]
[Round "1.30"]
[White "Òèòèåâñêàÿ, Åëèçàâåòà."]
[Black "Àáäóëêåðèìîâà, Ìàäèíà."]
[Result "1-0"]
[WhiteElo "1762"]
[BlackElo "1400"]
[PlyCount "75"]
[EventDate "2017.04.20"]

1. e4 c5 2. Nf3 d6 3. d4 cxd4 4. Nxd4 Nf6 5. Nc3 g6 6. Be3 Bg7 7. f3 Nc6 8. Bc4
Bd7 9. Qd2 Qa5 10. O-O-O O-O 11. h4 Ne5 12. Bb3 Rfc8 13. Kb1 Nc4 14. Bxc4 Rxc4
15. h5 Nxh5 16. g4 Nf6 17. Nb3 Qc7 18. e5 Nxg4 19. fxg4 Bxe5 20. Nd5 Qd8 21.
Bd4 Qf8 22. Bxe5 dxe5 23. Qh2 h6 24. Qxe5 Bxg4 25. Rdg1 Bf3 26. Rh2 Re4 27. Qc3
Bg4 28. Rf2 Rc8 29. Qd3 Rcc4 30. Ne3 Rb4 31. a3 Ra4 32. Nc5 Rad4 33. Qc3 Rf4
34. Rxf4 Rxf4 35. Nxg4 Qd8 36. Nxh6+ Kh7 37. Nxf7 Kg8 38. Nxd8 1-0

[Event "Ä17Ï "]
[Site "Loo"]
[Date "2017.04.20"]
[Round "1.1"]
[White "Àëåêñàíäðîâà, Åëèçàâåòà."]
[Black "Êîâàë¸âà, Åêàòåðèíà."]
[Result "0-1"]
[WhiteElo "1620"]
[BlackElo "1974"]
[PlyCount "80"]
[EventDate "2017.04.20"]

1. e4 e5 2. Nf3 Nc6 3. Bb5 a6 4. Ba4 Nf6 5. O-O Be7 6. Re1 b5 7. Bb3 O-O 8. c3
d5 9. exd5 Nxd5 10. Nxe5 Nxe5 11. Rxe5 c6 12. d4 Bd6 13. Rh5 g6 14. Rh6 Nf4 15.
g3 Nh3+ 16. Kg2 Ng5 17. h4 Ne4 18. Qf3 Qe7 19. Be3 Re8 20. Nd2 Bf5 21. Bg5 Qd7
22. Kg1 Bf8 23. Nf1 Nxg5 24. hxg5 Bxh6 25. gxh6 Qe7 26. Qf4 Qe4 27. Qxe4 Bxe4
28. Ne3 Bf3 29. a4 Kf8 30. Bd1 Bxd1 31. Rxd1 Re6 32. Kf1 g5 33. Ng4 Ke7 34. Ra1
Rg6 35. axb5 cxb5 36. Ne3 Kd7 37. Ng4 Kd6 38. Re1 Re6 39. Ne5 Ra7 40. Re3 Rxh6
{äàëåå çàïèñü íåðàçáîð~~èâà} 0-1

[Event "Ä17Ï "]
[Site "Loo"]
[Date "2017.04.20"]
[Round "1.2"]
[White "Òàòàðèíîâà, Åëåíà."]
[Black "Ïîëÿíñêàÿ, Åëèçàâåòà."]
[Result "1-0"]
[WhiteElo "1840"]
[BlackElo "1611"]
[PlyCount "65"]
[EventDate "2017.04.20"]

1. c4 c5 2. Nf3 Nf6 3. g3 g6 4. Bg2 Bg7 5. O-O O-O 6. Nc3 Nc6 7. a3 a6 8. Rb1
d5 9. cxd5 Nxd5 10. Nxd5 Qxd5 11. d3 Qd8 12. Bd2 Nd4 13. b4 cxb4 14. Nxd4 Bxd4
15. Rxb4 Bc5 16. Rh4 Bd4 17. Bh6 Re8 18. Qd2 Bf6 19. Rb4 Rb8 20. Be3 a5 21. Rb5
b6 22. Rfb1 Bd4 23. Rd5 Qc7 24. Bxd4 f6 25. Rdb5 Qd6 26. Bxb6 Qxa3 27. Qxa5 Qd6
28. Bc5 Qxc5 29. Rxc5 Rxb1+ 30. Bf1 Bh3 31. Qa2+ Kg7 32. Qxb1 Bxf1 33. Kxf1 1-0

[Event "Ä17Ï "]
[Site "Loo"]
[Date "2017.04.20"]
[Round "1.3"]
[White "Ðåâà, Ëþáîâü."]
[Black "Ïåòðîâà, Ìàðèÿ."]
[Result "0-1"]
[WhiteElo "1604"]
[BlackElo "1835"]
[PlyCount "70"]
[EventDate "2017.04.20"]

1. d4 f5 2. c4 e6 3. Nc3 Nf6 4. Bg5 Be7 5. Nf3 b6 6. e3 Bb7 7. Be2 O-O 8. O-O
Ne4 9. Bxe7 Qxe7 10. Nxe4 fxe4 11. Nd2 d5 12. Nb3 c5 13. Rc1 Na6 14. a3 Rad8
15. Qc2 cxd4 16. exd4 Rc8 17. Qd2 Nb8 18. c5 Nc6 19. f3 e5 20. cxb6 axb6 21.
fxe4 Rxf1+ 22. Rxf1 dxe4 23. Bc4+ Kh8 24. Rf7 Qd8 25. Rxb7 Nxd4 26. Nxd4 exd4
27. Be6 e3 28. Qe1 Rc6 29. Bg4 Rg6 30. Qh4 Rf6 31. Bf5 h6 32. Qg4 Qf8 33. Bd3
Rf1+ 34. Bxf1 Qf2+ 35. Kh1 Qxf1# 0-1

[Event "Ä17Ï "]
[Site "Loo"]
[Date "2017.04.20"]
[Round "1.4"]
[White "Äàíèëîâà, Ðàäà."]
[Black "Áåëÿêîâà, Èëîíà."]
[Result "1-0"]
[WhiteElo "1828"]
[BlackElo "1600"]
[PlyCount "37"]
[EventDate "2017.04.20"]

1. d4 d5 2. c4 e6 3. Nf3 Nf6 4. g3 Bb4+ 5. Bd2 Be7 6. Bg2 O-O 7. O-O b6 8. Nc3
Nbd7 9. Rc1 Ba6 10. Ne5 Rc8 11. Nc6 Qe8 12. Nxa7 Ra8 13. Nab5 Qd8 14. cxd5 exd5
15. Bf4 Nh5 16. Bxc7 Qc8 17. Nxd5 Bc5 18. dxc5 Re8 19. Nd6 1-0

[Event "Ä17Ï "]
[Site "Loo"]
[Date "2017.04.20"]
[Round "1.5"]
[White "Êàíàãèíà, Ïîëèíà."]
[Black "Ïðîòàñîâà, Àíàñòàñèÿ."]
[Result "0-1"]
[WhiteElo "1597"]
[BlackElo "1801"]
[PlyCount "46"]
[EventDate "2017.04.20"]

1. e4 c6 2. d4 d5 3. exd5 cxd5 4. c4 Nf6 5. Nc3 e6 6. Bd3 dxc4 7. Bxc4 Bb4 8.
Nf3 O-O 9. O-O Qc7 10. Qb3 Bxc3 11. bxc3 Nc6 12. Qc2 a6 13. Re1 b6 14. Ba3 Rd8
15. Bd3 Bb7 16. Ne5 Rac8 17. Rac1 Nd5 18. Bb2 Nf4 19. Be4 Nxe5 20. dxe5 Bxe4
21. Rxe4 Nd3 22. Rd1 Nxb2 23. Rxd8+ Rxd8 0-1

[Event "Ä17Ï "]
[Site "Loo"]
[Date "2017.04.20"]
[Round "1.6"]
[White "Áó÷èíà, Ïîëèíà."]
[Black "Ìèíüêî, Îëüãà."]
[Result "1-0"]
[WhiteElo "1787"]
[BlackElo "1597"]
[PlyCount "113"]
[EventDate "2017.04.20"]

1. Nf3 Nf6 2. g3 d5 3. d4 e6 4. Bg2 c5 5. O-O Nbd7 6. e3 Bd6 7. b3 O-O 8. Bb2
Qc7 9. Nbd2 b5 10. c4 bxc4 11. bxc4 Rb8 12. Qc2 cxd4 13. Nxd4 Ba6 14. Rfc1 e5
15. N4b3 Rfc8 16. Bf1 Bb4 17. Rab1 Bxd2 18. Nxd2 dxc4 19. Nxc4 Bxc4 20. Qxc4
Qb6 21. Qb3 Rxc1 22. Rxc1 Qxb3 23. axb3 e4 24. Bc4 Nb6 25. Bd4 h6 26. Ba6 Nfd5
27. Be5 Re8 28. Bd6 Rd8 29. Ba3 Rd7 30. Bb5 Rd8 31. Bc6 f5 32. Rd1 Kf7 33. Bc5
Ke6 34. b4 g6 35. Ra1 Rc8 36. b5 Rc7 37. Ra6 Ne7 38. Bxb6 axb6 39. Rxb6 Nxc6
40. Kg2 Kd7 41. bxc6+ Rxc6 42. Rb8 Ke7 43. h3 Kf6 44. g4 Kg5 45. Kg3 Rc5 46.
Rf8 h5 47. h4+ Kh6 48. gxf5 gxf5 49. Rh8+ Kg6 50. Rg8+ Kf6 51. Rg5 Rc7 52. Kf4
Rc2 53. Rxf5+ Ke6 54. Kg5 Rc8 55. Rf4 Ke5 56. Kxh5 Rh8+ 57. Kg6 {
äàëåå çàïèñü íåðàçáîð~~èâà} 1-0

[Event "Ä17Ï "]
[Site "Loo"]
[Date "2017.04.20"]
[Round "1.7"]
[White "Áàäìàåâà, Áàèíà."]
[Black "Ôîíÿê, Ìàðèíà."]
[Result "1-0"]
[WhiteElo "1585"]
[BlackElo "1780"]
[PlyCount "95"]
[EventDate "2017.04.20"]

1. e4 c5 2. c3 d5 3. exd5 Qxd5 4. d4 Nc6 5. Nf3 Bf5 6. Be2 cxd4 7. cxd4 Bxb1 8.
Rxb1 e6 9. O-O Bd6 10. Qa4 Nge7 11. Be3 O-O 12. Ng5 Bc7 13. Qc2 Ng6 14. Rbd1
Rac8 15. Bf3 Qa5 16. Qb1 Nb4 17. Bd2 Qb5 18. Rfe1 Rfd8 19. h4 Nc2 20. h5 Nxe1
21. Rxe1 Nf8 22. Be4 f5 23. Bd3 Qd5 24. Nxe6 Nxe6 25. Bxf5 Nf8 26. Bg5 Re8 27.
Be7 Rxe7 28. Rxe7 Qd6 29. Qe4 Rd8 30. h6 g6 31. Rg7+ Kh8 32. Bg4 Bb6 33. Qxb7
Bxd4 34. Qf7 Bxf2+ 35. Qxf2 Qd4 36. Rxa7 Qxf2+ 37. Kxf2 g5 38. b4 Ng6 39. b5
Rb8 40. a4 Kg8 41. Bf5 Rf8 42. g4 Rf6 43. a5 Ne5 44. Ke2 Nc4 45. Rg7+ Kf8 46.
Rxh7 Nxa5 47. Rh8+ Kf7 48. h7 1-0

[Event "Ä17Ï "]
[Site "Loo"]
[Date "2017.04.20"]
[Round "1.8"]
[White "Áàðñêîâà, Ïîëèíà."]
[Black "Ñàáåòèàí, Ìîäæàâåðè Àëèíà."]
[Result "0-1"]
[WhiteElo "1761"]
[BlackElo "1563"]
[PlyCount "84"]
[EventDate "2017.04.20"]

1. e4 e6 2. d4 d5 3. exd5 exd5 4. c4 Be6 5. cxd5 Bxd5 6. Nc3 Bb4 7. Qe2+ Qe7 8.
Qxe7+ Nxe7 9. Bd2 Bxc3 10. bxc3 O-O 11. Nf3 Nbc6 12. Be2 Rfe8 13. O-O Nf5 14.
Bd3 Nd6 15. Rfe1 Na5 16. Bf4 Nac4 17. Bxc4 Bxc4 18. Nd2 Bd3 19. Re3 Rxe3 20.
fxe3 Nb5 21. Rc1 Rd8 22. c4 Nd6 23. c5 Ne8 24. Rc3 Bf5 25. Rb3 b6 26. cxb6 axb6
27. Nf3 Ra8 28. a3 f6 29. Nd2 Rd8 30. Rb4 Ra8 31. Nc4 Be6 32. a4 c5 33. Rxb6
Bxc4 34. dxc5 Rxa4 35. c6 Ra8 36. c7 Rc8 37. Rb8 Be6 38. Kf2 Kf7 39. Rxc8 Bxc8
40. h4 Ke7 41. e4 Kd7 42. Ke3 Nxc7 0-1

[Event "Ä17Ï "]
[Site "Loo"]
[Date "2017.04.20"]
[Round "1.9"]
[White "Åôèìîâà, Òóÿðà."]
[Black "Áåçâåðõàÿ, Ìàðèíà."]
[Result "0-1"]
[WhiteElo "1525"]
[BlackElo "1758"]
[PlyCount "98"]
[EventDate "2017.04.20"]

1. d4 d5 2. c4 c6 3. Nc3 Nf6 4. Nf3 e6 5. e3 Be7 6. cxd5 exd5 7. g3 O-O 8. Bg2
Bf5 9. Qb3 Qb6 10. Nd2 Nbd7 11. O-O Rfe8 12. Re1 Bd6 13. Qxb6 Nxb6 14. e4 dxe4
15. Ndxe4 Nxe4 16. Nxe4 Bxe4 17. Rxe4 Rxe4 18. Bxe4 Re8 19. f3 Rd8 20. b3 Be7
21. Be3 Bf6 22. Rd1 Nd5 23. Bxd5 Rxd5 24. Rd2 Kf8 25. Kf2 Ke7 26. f4 Kd7 27.
Kf3 g6 28. Kg4 Be7 29. Kf3 f5 30. Ke2 Kc7 31. Kd3 b5 32. Kc3 a5 33. Kc2 Kb6 34.
a4 bxa4 35. bxa4 Bb4 36. Rd3 Kc7 37. Kb3 c5 38. Kc4 Kc6 39. dxc5 Rxd3 40. Kxd3
Bxc5 41. Bxc5 Kxc5 42. Kc3 h6 43. h3 g5 44. fxg5 hxg5 45. h4 f4 46. h5 fxg3 47.
h6 g2 48. h7 g1=Q 49. h8=Q Qa1+ 0-1

[Event "Ä17Ï "]
[Site "Loo"]
[Date "2017.04.20"]
[Round "1.10"]
[White "Çàêàðÿí, Äèàíà."]
[Black "Øìèäò, Êñåíèÿ."]
[Result "1-0"]
[WhiteElo "1755"]
[BlackElo "1490"]
[PlyCount "65"]
[EventDate "2017.04.20"]

1. e4 c5 2. Nf3 Nc6 3. d4 cxd4 4. Nxd4 Nf6 5. Nc3 d6 6. Be2 e6 7. Be3 Be7 8.
Qd2 a6 9. f3 Qc7 10. g4 b5 11. Bd3 Ne5 12. O-O-O Bb7 13. h4 Rc8 14. Kb1 Nxd3
15. cxd3 d5 16. Rc1 Qd7 17. e5 Ng8 18. g5 Bb4 19. a3 Ba5 20. Nb3 Qd8 21. Bc5
Bb6 22. d4 Ne7 23. Qd3 Nc6 24. f4 Na5 25. Nxa5 Bxa5 26. f5 Bb6 27. Bd6 Bc7 28.
Nxb5 Bb8 29. fxe6 fxe6 30. Bxb8 Rxb8 31. Nd6+ Ke7 32. Rhf1 Rf8 33. Qxh7 1-0

[Event "Ä17Ï "]
[Site "Loo"]
[Date "2017.04.20"]
[Round "1.11"]
[White "Ãîðåíêîâà, Àííà."]
[Black "Êðàïèâèíà, Ãàëèíà."]
[Result "0-1"]
[WhiteElo "1488"]
[BlackElo "1744"]
[PlyCount "80"]
[EventDate "2017.04.20"]

1. d4 f5 2. Nf3 Nf6 3. Bg5 d5 4. Nbd2 g6 5. e3 Bg7 6. Bd3 O-O 7. O-O Kh8 8. c3
Qe8 9. Bf4 c6 10. h3 Nbd7 11. Ne5 Nh5 12. Nxd7 Bxd7 13. Nf3 h6 14. Ne5 Nxf4 15.
exf4 Bxe5 16. fxe5 f4 17. Re1 Qf7 18. Qe2 Be6 19. Qc2 Rg8 20. Kh2 h5 21. Rac1
g5 22. g3 Raf8 23. Rf1 Bd7 24. Qd1 f3 25. Re1 Bf5 26. c4 Be6 27. b3 h4 28. Rg1
g4 29. Qd2 Qh5 30. cxd5 Bxd5 31. Bc4 Rg6 32. Bxd5 cxd5 33. Rce1 Qh7 34. Qd3 e6
35. Rc1 Qh6 36. Rc7 gxh3 37. g4 Qf4+ 38. Kh1 Rfg8 39. a4 h2 40. Rf1 Qxg4 0-1

[Event "Ä17Ï "]
[Site "Loo"]
[Date "2017.04.20"]
[Round "1.12"]
[White "Ñàì÷åíêî, Ñåðàôèìà."]
[Black "Ñîëîâüåâà, Ìàðèÿ."]
[Result "1-0"]
[WhiteElo "1734"]
[BlackElo "1477"]
[PlyCount "97"]
[EventDate "2017.04.20"]

1. e4 e5 2. Nf3 Nc6 3. Bb5 Bc5 4. O-O d6 5. c3 Bd7 6. d3 Nge7 7. Re1 O-O 8.
Nbd2 h6 9. Nf1 f5 10. Bc4+ Kh8 11. a4 a5 12. Be3 Bxe3 13. Nxe3 fxe4 14. dxe4
Ng6 15. Nd5 Bg4 16. Be2 Nf4 17. Nxf4 Rxf4 18. h3 Bxf3 19. Bxf3 Qg5 20. Re3 Raf8
21. Kh2 Ne7 22. Qe2 Ng6 23. g3 R4f7 24. Rf1 Qd8 25. Bg2 Qd7 26. b3 Qe6 27. c4
Ne7 28. Bf3 Nc6 29. Bg4 Qe7 30. Kg2 Nd4 31. Qd2 b6 32. Rd3 Qg5 33. f4 Qe7 34.
f5 Qg5 35. Qxg5 hxg5 36. Bh5 Rf6 37. Bg6 Rd8 38. Rh1 Kg8 39. h4 g4 40. h5 Kf8
41. h6 gxh6 42. Rxh6 c5 43. Rh8+ Ke7 44. Rh7+ Kf8 45. Rd1 d5 46. Rdh1 Rxg6 47.
fxg6 Rd6 48. Rc7 Kg8 49. g7 1-0

[Event "Ä17Ï "]
[Site "Loo"]
[Date "2017.04.20"]
[Round "1.13"]
[White "×àãèíà, Óëüÿíà."]
[Black "Àâåðèíà, Âåðà."]
[Result "0-1"]
[WhiteElo "1433"]
[BlackElo "1729"]
[PlyCount "118"]
[EventDate "2017.04.20"]

1. d4 d5 2. c4 c6 3. Nc3 Nf6 4. Nf3 e6 5. g3 Bd6 6. Bg2 Nbd7 7. O-O dxc4 8. e4
Bb4 9. Nd2 Nb6 10. e5 Nfd5 11. Nde4 Be7 12. Ne2 f5 13. Nd2 Bb4 14. Qc2 Bxd2 15.
Bxd2 a5 16. a3 O-O 17. h4 h6 18. h5 Bd7 19. Rac1 Be8 20. Bf3 Bf7 21. Qd1 Qe7
22. Kg2 Rfc8 23. Rh1 c5 24. Rh4 cxd4 25. Rxd4 a4 26. Nf4 Qc5 27. Nxd5 exd5 28.
Bb4 Qb5 29. Qd2 Qe8 30. Rh1 Qxe5 31. Re1 Qf6 32. Be7 Qc6 33. Qf4 Qd7 34. g4 Re8
35. Bb4 Rxe1 36. Bxe1 fxg4 37. Bxg4 Be6 38. Bf3 Rf8 39. Qg3 Qe7 40. Bb4 Qf6 41.
Bxf8 Qxd4 42. Qd6 Qf6 43. Be7 Bh3+ 44. Kg3 Qxd6+ 45. Bxd6 Be6 46. Bc5 Nd7 47.
Bd4 Kf7 48. Kf4 g6 49. hxg6+ Kxg6 50. Ke3 Kf5 51. Bg7 Kg6 52. Bd4 h5 53. Kd2 h4
54. Kc3 h3 55. Kb4 Kf5 56. Kxa4 Ne5 57. Bxe5 Kxe5 58. Kb5 d4 59. Bxb7 Bd5 0-1

[Event "Ä17Ï "]
[Site "Loo"]
[Date "2017.04.20"]
[Round "1.14"]
[White "Çàõàðîâà, Äèàíà."]
[Black "Îñòàøåâà, Àíàñòàñèÿ."]
[Result "1-0"]
[WhiteElo "1720"]
[BlackElo "1391"]
[PlyCount "29"]
[EventDate "2017.04.20"]

1. e4 c6 2. d3 d5 3. Nd2 dxe4 4. dxe4 Nf6 5. f4 g6 6. Ngf3 Bh6 7. g3 Nbd7 8. e5
Nd5 9. Ne4 Qb6 10. Nd4 Nc5 11. Nxc5 Qxc5 12. a3 O-O 13. c4 Nc7 14. b4 Qb6 15.
c5 1-0

[Event "Ä17Ï "]
[Site "Loo"]
[Date "2017.04.20"]
[Round "1.15"]
[White "Êàíåâñêàÿ, Àíàñòàñèÿ."]
[Black "Óðâà÷¸âà, Àðèíà."]
[Result "0-1"]
[WhiteElo "1353"]
[BlackElo "1706"]
[PlyCount "71"]
[EventDate "2017.04.20"]

1. e4 c5 2. Nf3 Nc6 3. d4 cxd4 4. Nxd4 Nf6 5. Nc3 e5 6. Ndb5 d6 7. Bd3 a6 8.
Na3 b5 9. Nd5 Be6 10. Bg5 Be7 11. Nxe7 Qxe7 12. c4 b4 13. Nc2 O-O 14. O-O h6
15. Bh4 g5 16. Bg3 h5 17. f3 h4 18. Bf2 Nh5 19. Qd2 Nf4 20. Ne3 Kh8 21. h3 Nd4
22. Ng4 Nxh3+ 23. Kh1 Nxf2+ 24. Nxf2 b3 25. a4 Kg7 26. Nd1 Rh8 27. Ne3 h3 28.
g4 h2 29. Rf2 Rh3 30. Kg2 Rah8 31. Rh1 Qf6 32. Qd1 Qh6 33. Kf1 Qh4 34. Ke1
Nxf3+ 35. Ke2 Nd4+ 36. Ke1 0-1

[Event "Ä17Ï "]
[Site "Loo"]
[Date "2017.04.20"]
[Round "1.16"]
[White "Ìàëîçåìîâà, Äàðüÿ."]
[Black "×óëî÷íèêîâà, Îëüãà."]
[Result "1-0"]
[WhiteElo "1687"]
[BlackElo "1318"]
[PlyCount "41"]
[EventDate "2017.04.20"]

1. d4 d5 2. Bf4 e6 3. Nf3 Nf6 4. e3 Be7 5. Bd3 O-O 6. Nbd2 c5 7. c3 c4 8. Bc2
Bd7 9. Ne5 Nc6 10. h3 Re8 11. g4 g6 12. h4 h5 13. g5 Nh7 14. Ndf3 Bf8 15. Qb1
Ne7 16. Nxf7 Kxf7 17. Ne5+ Kg8 18. Bxg6 Nxg6 19. Qxg6+ Bg7 20. Qf7+ Kh8 21.
Ng6# 1-0

[Event "Ä17Ï "]
[Site "Loo"]
[Date "2017.04.20"]
[Round "1.17"]
[White "Âàõðóøåâà, Âàëåðèÿ."]
[Black "Ìàðòûø, Äàðüÿ."]
[Result "0-1"]
[WhiteElo "1313"]
[BlackElo "1661"]
[PlyCount "74"]
[EventDate "2017.04.20"]

1. d4 Nf6 2. Bf4 g6 3. c4 Bg7 4. Nc3 d6 5. e4 O-O 6. f3 c5 7. d5 Na6 8. Bd3 Nd7
9. a3 Nc7 10. Nge2 Ne5 11. Be3 e6 12. Qd2 a6 13. O-O Nxd3 14. Qxd3 b5 15. Rab1
exd5 16. Nxd5 bxc4 17. Qxc4 Nxd5 18. Qxd5 Be6 19. Qd2 Rb8 20. Nc3 Re8 21. Bf4
Rb6 22. b4 cxb4 23. Rxb4 Rxb4 24. axb4 Qb6+ 25. Kh1 Qxb4 26. Nd5 Qxd2 27. Bxd2
Bxd5 28. exd5 Re5 29. h3 Rxd5 30. Be3 Rd3 31. Bc1 a5 32. Bf4 a4 33. Re1 Kf8 34.
Rb1 a3 35. Bg5 Be5 36. Bh6+ Ke7 37. f4 a2 0-1

[Event "Ä17Ï "]
[Site "Loo"]
[Date "2017.04.20"]
[Round "1.18"]
[White "Êóðêîâà, Ñîôüÿ."]
[Black "Ñâèðèäîâà, Àíàñòàñèÿ."]
[Result "1-0"]
[WhiteElo "1656"]
[BlackElo "1278"]
[PlyCount "71"]
[EventDate "2017.04.20"]

1. e4 e5 2. Nf3 Nc6 3. d4 exd4 4. Nxd4 Nf6 5. Nc3 Bc5 6. Nb3 Bb6 7. Bg5 d6 8.
Qd2 Be6 9. O-O-O h6 10. Be3 Qe7 11. Bb5 Bxb3 12. cxb3 Bxe3 13. Qxe3 O-O 14. f3
Rfd8 15. g4 d5 16. Bxc6 bxc6 17. g5 hxg5 18. Qxg5 Qe6 19. Rhg1 Ne8 20. exd5
cxd5 21. Rde1 f6 22. Qg3 Qf7 23. h4 Rd7 24. Qg4 Rad8 25. Ne2 c5 26. Nf4 Rd6 27.
Ng6 f5 28. Qh5 Rxg6 29. Rxg6 d4 30. Qg5 Rd7 31. h5 Kf8 32. h6 gxh6 33. Qxh6+
Ng7 34. Qh8+ Qg8 35. Re8+ Kxe8 36. Qxg8+ 1-0

[Event "Ä17Â "]
[Site "Loo"]
[Date "2017.04.20"]
[Round "1.1"]
[White "Ãûðãåíîâà, Åêàòåðèíà."]
[Black "Àôîíàñüåâà, Àííà."]
[Result "1-0"]
[WhiteElo "1849"]
[BlackElo "2213"]
[PlyCount "131"]
[EventDate "2017.04.20"]

1. d4 d5 2. c4 c6 3. Nf3 Nf6 4. Nc3 dxc4 5. a4 Bf5 6. e3 e6 7. Bxc4 Bb4 8. O-O
O-O 9. Qe2 Nbd7 10. e4 Bg6 11. Bd3 h6 12. Rd1 Qa5 13. e5 Bxd3 14. Qxd3 Nd5 15.
Ne4 Rfd8 16. Nh4 Nf8 17. Qg3 Kh8 18. Rd3 Nh7 19. Rf3 Qc7 20. h3 Nb6 21. Qg4
Rxd4 22. Rg3 Rg8 23. Bxh6 Qxe5 24. Nf3 Qxg3 25. fxg3 gxh6 26. Qf4 Rd7 27. Qxh6
Rg6 28. Qh5 Kg8 29. Kh2 Rd5 30. Qh4 Nc4 31. Nc3 Bxc3 32. bxc3 Nd6 33. Qd8+ Kg7
34. Qb8 a5 35. Nh4 Rf6 36. Nf3 Nf8 37. Qa7 Nd7 38. Qe3 Nf5 39. Qf2 Nc5 40. c4
Nd3 41. Qe2 Rd7 42. Rd1 Nc5 43. Rxd7 Nxd7 44. Qd2 Nc5 45. g4 Ne4 46. Qb2 Ne3
47. g5 Nxg5 48. Nxg5 Nxc4 49. Qd4 Kg6 50. Ne4 Rf4 51. g3 Nd2 52. Qxd2 Rxe4 53.
Qxa5 Re2+ 54. Kg1 Re3 55. Kf2 Re4 56. Qa7 Rb4 57. h4 f5 58. Qa8 Kg7 59. a5 Rb5
60. h5 e5 61. Qd8 Rb2+ 62. Kg1 Rb1+ 63. Kg2 Rb2+ 64. Kh3 f4 65. Qg5+ Kh7 66.
Qg6+ 1-0